000 00610nam a2200169 a 4500
008 120416s1980 xx |||||||||||||| || u
050 _aHB 3711 Cen
100 _aStrigel, Werner H
245 1 0 _aBusiness cycle analysis
_cedited by Werner H. Strigel
246 _apapers presented at the 14th CIRET Conference proceedings, Lisbon 1979
260 _c1980
300 _a: ill
350 _a0.00
650 0 _aBUSINESS
650 _aBUSINESS ANALYSIS
995 _D0.00
_FCBU-MAIN LIBRARY (Kitwe)
_H1
_I0.00
_M1
_UAVAILABLE
_ZAnnex Low-Usage Collection
999 _c36418
_d36418